La evolución de la fiesta de los diablitos de Boruca: consideraciones a partir de su registro audiovisual /
Guardado en:
| Hovedforfatter: | |
|---|---|
| Andre forfattere: | |
| Format: | Texto |
| Tags: |
Tilføj Tag
Ingen Tags, Vær først til at tagge denne postø!
|
MARC
| LEADER | 00000 a a2200000 04500 | ||
|---|---|---|---|
| 001 | 47635 | ||
| 003 | |||
| 040 | |||
| 100 | |a Bolaños Esquivel, Bernardo | ||
| 245 | |a La evolución de la fiesta de los diablitos de Boruca: |b consideraciones a partir de su registro audiovisual / |c Bernando Bolaños Esquivel, Guillermo González Campos | ||
| 700 | |a González Campos, Guillermo | ||
| 773 | |g volumen10, número12, (2013), páginas 19-36 : fotos | ||
| 999 | |c 21627 |d 21627 | ||
